000 00421nam a2200157 a 4500
001 10056
005 20180713194109.0
008 140415s1992 mx 000 0 spa d
041 _aspa
082 _a657.1
_bALT
245 0 3 _aLA ALTA GERENCIA RUMBO AL SIGLO 21
250 _a1a ed.
260 _aMEXICO :
_bINSTITUTO MEXICANO DE CONTADORES PUBLICOS,
_c1992
300 _a454
650 1 4 _aCONTABILIDAD
999 _c10056
_d10056